Statistics for Northernmost and southernmost 1k cities

Click here to take the quiz!

General Stats

  • This quiz has been taken 29 times
    (16 since last reset)
  • The average score is 7 of 20

Answer Stats

LatitudePopCity% Correct
78°22'N2.2 kLongyearbyen
69%
54°48'S74 kUshuaia
62%
70°39'N7.9 kHammerfest
46%
54°56′S1.8 kPuerto Williams
46%
53°10'S125 kPunta Arenas
38%
71°17'N3.8 kUtqiagvik
38%
51°44'S19 kPuerto Natales
31%
53°47'S88 kRío Grande
31%
51°41'S2.6 kStanley
31%
71°39'N4.1 kTiksi
31%
54°30'S2.6 kTolhuin
31%
72°47'N1.1 kUpernavik
31%
51°39'S6.1 k28 de Noviembre
23%
70°38'N2.1 kBåtsfjord
23%
71°32'N1.9 kBelushya Guba
23%
70°58'N2.3 kHonningsvåg
23%
53°17'S6.0 kPorvenir
23%
51°37'S115 kRío Gallegos
23%
70°38'N1.8 kRypefjord
23%
70°40'N1.4 kUummannaq
23%

Score Distribution

Percentile by Number Answered

Percent of People with Each Score

Your Score History

You have not taken this quiz since the last reset